000 00888cam a2200241 4500
001 ##B2101
008 090401t1988 xxu||||| |||| 00| 0 eng d
035 _a(Sirsi) u48010
041 0 _aeng
050 0 4 _a615.925756 $2 18
100 1 _aDitta, Tahir
245 0 0 _aRadon gas
260 _a[S.l.]
_b[s.n.]
_c1988
300 _a80
_fleaves
_bill., maps
_c30cm.
350 _a48
490 _aRICS Junior Organisation Prize Papers
505 2 _aRadon in America -- Radon in the United Kingdom -- Limitation measures for the United Kingdom -- Recommendations and conclusions
520 _aThis report, the winner of the Library Prize in the Junior Organisation Prize Papers Competition 1988, aims to indicate the health risks imposed by Radon. References and bibliography.
650 2 4 _aRADON
690 _aBUILT ENVIRONMENT-BUILDING PATHOLOGY
942 _n0
948 _c04/03/1997
999 _c92260
_d92260